| 000 | 00839nam a2200241Ia 4500 | ||
|---|---|---|---|
| 003 | GCL | ||
| 008 | 140319s9999 xx 000 0 ara d | ||
| 020 | _a1109322977 | ||
| 040 |
_aGCL / _cGCL |
||
| 082 | 0 | 4 |
_a956.903 _bز ي |
| 100 | 1 | _aزبيدة محمد عطا | |
| 245 | 1 | 0 |
_aاليهود فى العالم العربى / _cزبيدة محمد عطا |
| 250 | _aالاولى | ||
| 260 |
_aالقاهرة : _bعين للدراسات والبحوث الانسانية والاجتماعية ، _c2003 |
||
| 300 |
_a328 ص ؛ _c24 سم |
||
| 650 | 0 | 4 | _aالاسرائيليون |
| 650 | 0 | 4 | _aاليهودية والدولة |
| 650 | 0 | 4 | _aالعرب واليهود |
| 650 | 0 | 4 | _aاليهود - الاحوال الاجتماعية |
| 650 | 0 | 4 | _aاليهود - تاريخ |
| 650 | 0 | 4 | _aاليهود - الاصل |
| 942 |
_2ddc _cBK |
||
| 999 |
_c6240 _d6240 |
||